000 00349nam a2200145Ia 4500
008 230711s9999||||xx |||||||||||||| ||und||
041 _aENG
082 _a620
_bVI-A
100 _aVijaywargiya,U.S
245 0 _aApplied mechanics
250 _a1st Ed.
260 _c1994
_aJabalpur
_bGK Publications
650 _aMechanical Engineering
942 _cBK
999 _c2675
_d2675